Homens na cozinha : (Record no. 1011)
[ view plain ]
| 000 -LÍDER | |
|---|---|
| campo de controle de tamanho fixo | 00951nam a22002177a 4500 |
| 003 - IDENTIFICADOR DO NÚMERO DE CONTROLE | |
| campo de controle | OSt |
| 005 - DATA E HORÁRIO DA ÚLTIMA TRANSAÇÃO | |
| campo de controle | 20251124144333.0 |
| 008 - CAMPO DE DADOS FIXOS--INFORMAÇÃO GERAL | |
| campo de controle de tamanho fixo | 251124b |||||||| |||| 00| 0 eng d |
| 040 ## - FONTE DA CATALOGAÇÃO | |
| Instituição que transcreveu o registro | Nolita |
| 041 ## - CÓDIGO DE IDIOMA | |
| Código do idioma do texto/trilha sonora ou título diferente | Português |
| 100 1# - ENTRADA PRINCIPAL--NOME PESSOAL | |
| Nome pessoal | Vespucci, Ana Cândida |
| 9 (RLIN) | 1656 |
| 245 ## - TÍTULO | |
| Título | Homens na cozinha : |
| Restante do título | do iniciante ao iniciado / |
| Indicação de responsabilidade, etc. | [texto de Ana Cândida Vespucci] |
| 260 ## - PUBLICAÇÃO, DISTRIBUIÇÃO, ETC. | |
| Local de publicação, distribuição, etc. | São Paulo : |
| Nome do editor, distribuidor, etc. | Empresa das Artes, |
| Data da publicação, distribuição, etc. | 1993 |
| 300 ## - DESCRIÇÃO FÍSICA | |
| Extensão | 59 p. : |
| Outros detalhes físicos | il. col. ; |
| Dimensões | 22 cm |
| 500 ## - NOTA GERAL | |
| Nota geral | Inclui índice. |
| 520 ## - NOTA DE RESUMO, ETC. | |
| Resumo, etc. | Obra introdutória voltada ao público masculino que deseja aprender técnicas básicas de culinária. Apresenta receitas simples e práticas, acompanhadas de instruções claras e ilustrações coloridas, visando orientar o leitor desde noções iniciais até procedimentos mais elaborados na preparação de pratos do cotidiano. |
| 650 #0 - ASSUNTO--TERMO TÓPICO | |
| Cabeçalho tópico ou nome geográfico | Gastronomia |
| 9 (RLIN) | 7 |
| 650 #0 - ASSUNTO--TERMO TÓPICO | |
| Cabeçalho tópico ou nome geográfico | Culinária |
| Subdivisão geral | Técnicas |
| 9 (RLIN) | 302 |
| 650 #0 - ASSUNTO--TERMO TÓPICO | |
| Cabeçalho tópico ou nome geográfico | Receitas |
| 9 (RLIN) | 12 |
| 942 ## - ELEMENTOS DE ENTRADA ADICIONADOS (KOHA) | |
| Fonte de classificação ou esquema de arquivamento | Classificação decimal de Dewey |
| Tipo de material Koha | Livros |
| Ocultar no OPAC | Não |
| Situação do descarte | Situação das perdas | Fonte de classificação ou esquema de arquivamento | Status danificado | Não pode ser emprestado | Coleção | Biblioteca de origem | Biblioteca atual | Data de aquisição | Total de empréstimos | Número de chamada completo | Código de barras | Data de último acesso | Data do preço efetivo | Tipo de material Koha |
|---|---|---|---|---|---|---|---|---|---|---|---|---|---|---|
| Classificação decimal de Dewey | Não ficção | Nolita Roastery | Nolita Roastery | 11/24/2025 | L1090 | L1090 | 11/24/2025 | 11/24/2025 | Livros |